000 00193 a2200097 4500
001 3218
100 _aSparrow, G
245 _aHussein of jordan
260 _a
_bHarrap
_c
090 _c2498
_d2498
942 _aNUST-CAE
_cM
_c16646
999 _c238291
_d238291